<?xml version="1.0" encoding="UTF-8"?>
<record
    xmlns:xsi="http://www.w3.org/2001/XMLSchema-instance"
    xsi:schemaLocation="http://www.loc.gov/MARC21/slim http://www.loc.gov/standards/marcxml/schema/MARC21slim.xsd"
    xmlns="http://www.loc.gov/MARC21/slim">

  <leader>00543nam a22001937a 4500</leader>
  <controlfield tag="003">OSt</controlfield>
  <controlfield tag="008">230523b2015    |||||||| |||| 00| 0 eng d</controlfield>
  <datafield tag="020" ind1=" " ind2=" ">
    <subfield code="a">9789332551831</subfield>
  </datafield>
  <datafield tag="082" ind1=" " ind2=" ">
    <subfield code="a">158.3</subfield>
    <subfield code="b">GIB-I</subfield>
  </datafield>
  <datafield tag="100" ind1=" " ind2=" ">
    <subfield code="a">Gibson, Robert L.</subfield>
  </datafield>
  <datafield tag="245" ind1=" " ind2=" ">
    <subfield code="a">Introduction to counseling and guidance /</subfield>
    <subfield code="c">Robert L. Gibson and Marianne H. Mitchell</subfield>
  </datafield>
  <datafield tag="250" ind1=" " ind2=" ">
    <subfield code="a">7th ed.</subfield>
  </datafield>
  <datafield tag="260" ind1=" " ind2=" ">
    <subfield code="a">Noida :</subfield>
    <subfield code="b">Pearson,</subfield>
    <subfield code="c">2015.</subfield>
  </datafield>
  <datafield tag="300" ind1=" " ind2=" ">
    <subfield code="a">xviii, 523 p. ;</subfield>
  </datafield>
  <datafield tag="650" ind1=" " ind2=" ">
    <subfield code="a">Counseling</subfield>
  </datafield>
  <datafield tag="650" ind1=" " ind2=" ">
    <subfield code="a">Counseling psychology</subfield>
  </datafield>
  <datafield tag="700" ind1=" " ind2=" ">
    <subfield code="a">Mkitchell, Marianne H.</subfield>
  </datafield>
  <datafield tag="942" ind1=" " ind2=" ">
    <subfield code="2">ddc</subfield>
    <subfield code="c">BK</subfield>
  </datafield>
  <datafield tag="999" ind1=" " ind2=" ">
    <subfield code="c">19644</subfield>
    <subfield code="d">19644</subfield>
  </datafield>
  <datafield tag="952" ind1=" " ind2=" ">
    <subfield code="0">0</subfield>
    <subfield code="1">0</subfield>
    <subfield code="2">ddc</subfield>
    <subfield code="4">0</subfield>
    <subfield code="7">0</subfield>
    <subfield code="a">SOBD</subfield>
    <subfield code="b">SOBD</subfield>
    <subfield code="d">2023-05-23</subfield>
    <subfield code="e">Vedi Books</subfield>
    <subfield code="f">INR</subfield>
    <subfield code="g">680.00</subfield>
    <subfield code="o">158.3 GIB-I1</subfield>
    <subfield code="p">004271</subfield>
    <subfield code="r">2023-05-23</subfield>
    <subfield code="t">1</subfield>
    <subfield code="w">2023-04-18</subfield>
    <subfield code="y">REF</subfield>
    <subfield code="k">VEDI/23-24/04/12</subfield>
  </datafield>
  <datafield tag="952" ind1=" " ind2=" ">
    <subfield code="0">0</subfield>
    <subfield code="1">0</subfield>
    <subfield code="2">ddc</subfield>
    <subfield code="4">0</subfield>
    <subfield code="7">0</subfield>
    <subfield code="a">SOBD</subfield>
    <subfield code="b">SOBD</subfield>
    <subfield code="d">2023-05-23</subfield>
    <subfield code="e">Vedi Books</subfield>
    <subfield code="f">INR</subfield>
    <subfield code="g">680.00</subfield>
    <subfield code="o">158.3 GIB-I2</subfield>
    <subfield code="p">004272</subfield>
    <subfield code="r">2023-05-23</subfield>
    <subfield code="t">2</subfield>
    <subfield code="w">2023-04-18</subfield>
    <subfield code="y">BK</subfield>
    <subfield code="k">VEDI/23-24/04/12</subfield>
  </datafield>
  <datafield tag="952" ind1=" " ind2=" ">
    <subfield code="0">0</subfield>
    <subfield code="1">0</subfield>
    <subfield code="2">ddc</subfield>
    <subfield code="4">0</subfield>
    <subfield code="7">0</subfield>
    <subfield code="a">SOBD</subfield>
    <subfield code="b">SOBD</subfield>
    <subfield code="d">2023-05-23</subfield>
    <subfield code="e">Vedi Books</subfield>
    <subfield code="f">INR</subfield>
    <subfield code="g">680.00</subfield>
    <subfield code="o">158.3 GIB-I3</subfield>
    <subfield code="p">004273</subfield>
    <subfield code="r">2023-05-23</subfield>
    <subfield code="t">3</subfield>
    <subfield code="w">2023-04-18</subfield>
    <subfield code="y">BK</subfield>
    <subfield code="k">VEDI/23-24/04/12</subfield>
  </datafield>
  <datafield tag="952" ind1=" " ind2=" ">
    <subfield code="0">0</subfield>
    <subfield code="1">0</subfield>
    <subfield code="2">ddc</subfield>
    <subfield code="4">0</subfield>
    <subfield code="7">0</subfield>
    <subfield code="a">SOBD</subfield>
    <subfield code="b">SOBD</subfield>
    <subfield code="d">2023-05-23</subfield>
    <subfield code="e">Vedi Books</subfield>
    <subfield code="f">INR</subfield>
    <subfield code="g">680.00</subfield>
    <subfield code="o">158.3 GIB-I4</subfield>
    <subfield code="p">004274</subfield>
    <subfield code="r">2023-05-23</subfield>
    <subfield code="t">4</subfield>
    <subfield code="w">2023-04-18</subfield>
    <subfield code="y">BK</subfield>
    <subfield code="k">VEDI/23-24/04/12</subfield>
  </datafield>
  <datafield tag="952" ind1=" " ind2=" ">
    <subfield code="0">0</subfield>
    <subfield code="1">0</subfield>
    <subfield code="2">ddc</subfield>
    <subfield code="4">0</subfield>
    <subfield code="7">0</subfield>
    <subfield code="a">SOBD</subfield>
    <subfield code="b">SOBD</subfield>
    <subfield code="d">2023-05-23</subfield>
    <subfield code="e">Vedi Books</subfield>
    <subfield code="f">INR</subfield>
    <subfield code="g">680.00</subfield>
    <subfield code="o">158.3 GIB-I5</subfield>
    <subfield code="p">004275</subfield>
    <subfield code="r">2023-05-23</subfield>
    <subfield code="t">5</subfield>
    <subfield code="w">2023-04-18</subfield>
    <subfield code="y">BK</subfield>
    <subfield code="k">VEDI/23-24/04/12</subfield>
  </datafield>
  <datafield tag="952" ind1=" " ind2=" ">
    <subfield code="0">0</subfield>
    <subfield code="1">0</subfield>
    <subfield code="2">ddc</subfield>
    <subfield code="4">0</subfield>
    <subfield code="7">0</subfield>
    <subfield code="a">SOBD</subfield>
    <subfield code="b">SOBD</subfield>
    <subfield code="d">2023-05-23</subfield>
    <subfield code="e">Vedi Books</subfield>
    <subfield code="f">INR</subfield>
    <subfield code="g">680.00</subfield>
    <subfield code="o">158.3 GIB-I6</subfield>
    <subfield code="p">004276</subfield>
    <subfield code="r">2023-05-23</subfield>
    <subfield code="t">6</subfield>
    <subfield code="w">2023-04-18</subfield>
    <subfield code="y">BK</subfield>
    <subfield code="k">VEDI/23-24/04/12</subfield>
  </datafield>
</record>
